000 00426nam a22001577a 4500
005 20250718123524.0
008 250716b |||||||| |||| 00| 0 eng d
100 _aHENDERSON, FLORENCE
245 _aSPEAKING OF WOMEN HEALTH
260 _aNEW YORK,
_bTHE BOOK,
_c2000,
300 _a187P.
500 _aincludes an index
650 _aWOMEN-HEALTH AND HYGIENE
700 _aVALERIE SIMPSON, MARY WILSON
942 _2lcc
_cBK
999 _c215905
_d215905